Loading...
Public services delivery /
| Other Authors: | |
|---|---|
| Language: | Undetermined |
| Published: |
World Bank - Public sector governance and accountability ,
2005.
|
| LEADER | 00479nam a2200133Ia 4500 | ||
|---|---|---|---|
| 001 | 152349 | ||
| 008 | 170722s9999 xx 000 0 und d | ||
| 020 | |a 0821361406 | ||
| 245 | |a Public services delivery / | ||
| 260 | |b World Bank - Public sector governance and accountability , |c 2005. | ||
| 700 | |a Shah , Anwar |e editor. | ||
| 942 | |c GEN | ||
| 999 | |c 173641 |d 173641 | ||
| 952 | |0 0 |1 0 |4 0 |6 361_600000000000000_P5_WB |7 0 |8 WB |9 239434 |a LIB |b LIB |d 2017-08-12 |o 361.6 P5 (WB) |p UN1607 |r 2017-08-12 |w 2017-08-12 |y GEN | ||